000 00762nam a2200133Ia 4500
008 220615s9999||||xx |||||||||||||| ||und||
020 _a9783040000000
245 0 _aAtmospheric Composition and Cloud Cover Observations
546 _aEnglish[eng]
650 _aatmospheric gases||sources||European regulations||aerosol typing||lidar||photometry||EARLINET||AERONET||WRF||PBL||simulation||meteorology||wildfire||CO2 emission||OCO-2||MISR||MINX||freezing rain||high-impact meteorological event||Carpathian lee cyclogenesis||climatology||cloud occurrence frequency||automatic camera image analysis||Saharan dust||aerosol remote sensing||sun-photometer||MODIS||n/a
700 _aVoiculescu, Mirela
856 _uhttps://mdpi.com/books/pdfview/book/3935
942 _cEB
999 _c16635
_d16635